00539nam a2200193 a 4500001001300000003000900013005001700022008004100039020001000080082001500090100002400105245008100129260003700210300000900247500003500256505001000291650002000301700002400321nice12345678IN_TiNIC20260116011407.0050524s1962 alia grp 000 0 eng  ac10000a297.2bNAB aNabi, Mohammad Noor aDevelopment of Muslim Religions Thought in Indiab from 1200 A.D to 1450 A.D aAligarhbMuslim Universityc1962 a210p aincludes index and biblioraphy2 aIndex aIslam-Doctrines1 aNabi, Mohammad Noor